[Event "3-rd Presiden Cup,Baku"]
[Site "Azerbaijan"]
[Date "2008.05.14"]
[Round "3.16"]
[White "Durarbeyli, Vasif"]
[Black "Korchnoi, Viktor"]
[Result "1-0"]
[WhiteElo "2384"]
[BlackElo "2598"]
[PlyCount "63"]
[EventDate "2008.05.15"]

1. e4 e5 2. Nf3 Nc6 3. Bb5 a6 4. Ba4 Nf6 5. Qe2 b5 6. Bb3 d6 7. c3 Na5 8. Bc2
c5 9. d4 cxd4 10. cxd4 Bg4 11. dxe5 dxe5 12. O-O Bc5 13. h3 Bxf3 14. Qxf3 Nc6
15. Qg3 O-O 16. Bh6 Ne8 17. Nc3 Nd4 18. Bd3 Qd6 19. Be3 Nf6 20. Rad1 b4 21. Ne2
Rad8 22. Qh4 Ne6 23. Ng3 Bxe3 24. fxe3 Qc5 25. Nf5 Kh8 26. Kh2 Ng8 27. Rc1 Qb6
28. Bc4 g6 29. Ne7 g5 30. Qf2 Nxe7 31. Qf6+ Ng7 32. Qxb6 1-0

[Event "3-rd Presiden Cup,Baku"]
[Site "Azerbaijan"]
[Date "2008.05.14"]
[Round "3.17"]
[White "Aleksandrov, Aleksej"]
[Black "Rasulov, Vugar"]
[Result "1/2-1/2"]
[WhiteElo "2582"]
[BlackElo "2387"]
[PlyCount "122"]
[EventDate "2008.05.15"]

1. d4 Nf6 2. c4 g6 3. Nc3 Bg7 4. e4 d6 5. Be2 O-O 6. Bg5 c5 7. d5 a6 8. a4 e6
9. Nf3 exd5 10. exd5 Bg4 11. O-O Re8 12. h3 Bxf3 13. Bxf3 Nbd7 14. Qc2 Qc7 15.
b3 Re7 16. g3 h6 17. Bd2 Nh7 18. g4 Qd8 19. Bg2 Re8 20. Rab1 Qe7 21. a5 Rad8
22. Ne4 Ndf6 23. Ng3 Nd7 24. Rbe1 Qh4 25. Rxe8+ Rxe8 26. Ne4 Be5 27. Kh1 Ng5
28. Nxg5 hxg5 29. b4 Nf6 30. Qd1 Ne4 31. Be1 Bd4 32. Kh2 Qh8 33. bxc5 Nxc5 34.
Bb4 Qe5+ 35. Kg1 Bc3 36. Bxc5 dxc5 37. d6 Rd8 38. d7 Bd4 39. Re1 Qf6 40. Re8+
Kg7 41. Rxd8 Qxd8 42. Qa4 Qc7 43. Kf1 Bf6 44. Bd5 Kf8 45. Kg2 Bd8 46. Qa1 Kg8
47. Qb1 Kg7 48. Qb2+ Kg8 49. Qb1 Kg7 50. Qb2+ Kg8 51. Qxb7 Qxb7 52. Bxb7 Kg7
53. Kf3 f5 54. Bxa6 Bxa5 55. Ke3 Kf6 56. Kd3 Ke5 57. Kc2 Bd8 58. Kb3 Kd6 59.
Bb5 Ke5 60. Ba4 Bc7 61. Ka3 Bd8 1/2-1/2

[Event "3-rd Presiden Cup,Baku"]
[Site "Azerbaijan"]
[Date "2008.05.14"]
[Round "3.18"]
[White "Allajov, Ramil"]
[Black "Mamedov, Nidjat"]
[Result "0-1"]
[WhiteElo "2147"]
[BlackElo "2577"]
[PlyCount "84"]
[EventDate "2008.05.15"]

1. d4 Nf6 2. c4 g6 3. Nc3 Bg7 4. e4 d6 5. h3 O-O 6. Be3 c6 7. Nge2 a6 8. a4 a5
9. g4 e5 10. d5 Na6 11. Ng3 Qe7 12. Bd3 Nb4 13. Bb1 Nd7 14. Qe2 Nc5 15. Ra3 Bd7
16. Kf1 Rfc8 17. Kg2 Qe8 18. Bxc5 dxc5 19. h4 Qe7 20. Nd1 Rf8 21. Ne3 Rad8 22.
b3 Bf6 23. Ra1 Bxh4 24. Bd3 Bg5 25. f3 Kg7 26. Rag1 Rh8 27. Bb1 Rdg8 28. Kf2
Kf8 29. Qb2 Qf6 30. Ngf1 Ke7 31. Ke2 h5 32. gxh5 gxh5 33. dxc6 bxc6 34. Ng3
Bxe3 35. Kxe3 h4 36. Ne2 Rxg1 37. Rxg1 h3 38. Qc3 h2 39. Rh1 Rh3 40. Kf2 Bg4
41. Ng3 Qf4 42. Nf5+ Kf6 0-1

[Event "3-rd Presiden Cup,Baku"]
[Site "Azerbaijan"]
[Date "2008.05.14"]
[Round "3.19"]
[White "Dzhumaev, Marat"]
[Black "Askerov, Mushfig"]
[Result "1-0"]
[WhiteElo "2557"]
[BlackElo "2154"]
[PlyCount "76"]
[EventDate "2008.05.15"]

1. e4 c5 2. Nf3 d6 3. Bc4 Nf6 4. d3 e6 5. Bb3 Be7 6. O-O O-O 7. c3 Nc6 8. Qe2
b5 9. d4 cxd4 10. cxd4 Ba6 11. Be3 Ng4 12. d5 Nxe3 13. fxe3 exd5 14. exd5 Na5
15. Nd4 Bf6 16. Nc6 Nxc6 17. dxc6 Qb6 18. Rxf6 b4 19. Qf3 gxf6 20. Nd2 Bd3 21.
Kh1 Bg6 22. Ne4 Bxe4 23. Qxe4 Qc5 24. Bd5 Rae8 25. Qg4+ Kh8 26. Qf5 Rxe3 27.
Rf1 Qd4 28. c7 Kg7 29. Bb7 Qc5 30. c8=Q Rxc8 31. Qg4+ Qg5 32. Bxc8 h5 33. Qxg5+
fxg5 34. Ba6 d5 35. Kg1 Re5 36. Rc1 Kf6 37. Kf2 Rf5+ 38. Ke2 Ke5 1-0

[Event "3-rd Presiden Cup,Baku"]
[Site "Azerbaijan"]
[Date "2008.05.14"]
[Round "3.23"]
[White "Khotenashvili, Bela"]
[Black "Tahirov, Farhad"]
[Result "1-0"]
[WhiteElo "2333"]
[BlackElo "2533"]
[PlyCount "59"]
[EventDate "2008.05.15"]

1. d4 Nf6 2. c4 e6 3. Nf3 d5 4. Nc3 Nbd7 5. cxd5 exd5 6. Bg5 Bb4 7. e3 c5 8.
Bd3 Qa5 9. Qc2 O-O 10. O-O c4 11. Bf5 Re8 12. Nd2 Ne4 13. Bxe4 dxe4 14. Ndxe4
Nb6 15. Bf4 Bf5 16. f3 Nd5 17. Nxd5 Qxd5 18. Nc3 Qd7 19. Qf2 Bxc3 20. bxc3 Bd3
21. Rfe1 Re6 22. e4 Rg6 23. d5 f5 24. exf5 Qxf5 25. Qd4 Rf8 26. Bg3 Rb6 27. d6
Rb5 28. Re7 Qc5 29. Rae1 Rb2 30. d7 1-0

[Event "3-rd Presiden Cup,Baku"]
[Site "Azerbaijan"]
[Date "2008.05.14"]
[Round "3.24"]
[White "Sulashvili, Malkhaz"]
[Black "Umudova, Nargiz"]
[Result "1-0"]
[WhiteElo "2491"]
[BlackElo "2222"]
[PlyCount "93"]
[EventDate "2008.05.15"]

1. Nf3 Nf6 2. c4 g6 3. g3 Bg7 4. Bg2 c6 5. O-O d5 6. d4 O-O 7. b3 Ne4 8. Bb2
Bf5 9. Nbd2 Qa5 10. Qc1 c5 11. Rd1 Na6 12. cxd5 Rac8 13. Nc4 Qd8 14. dxc5 Rxc5
15. Bxg7 Kxg7 16. Qb2+ f6 17. Nd4 Nd6 18. Ne3 Bd7 19. Rac1 Qb6 20. Ne6+ Bxe6
21. dxe6 Nf5 22. Nxf5+ Rxf5 23. Qd4 Re5 24. Qxb6 axb6 25. Bxb7 Nc5 26. Bf3 Nxe6
27. Rc6 Rb8 28. e3 Ng5 29. Bg2 Nf7 30. Rd7 Kf8 31. a4 Nd6 32. b4 f5 33. Ra7 g5
34. h3 f4 35. exf4 gxf4 36. Ra6 Re1+ 37. Kh2 fxg3+ 38. fxg3 Ra1 39. Rc2 b5 40.
a5 Rb1 41. Rb6 Rd8 42. Ra2 Rxb4 43. a6 Nc4 44. Rb7 Ra4 45. Rxa4 bxa4 46. a7 a3
47. Rb8 1-0

[Event "3-rd Presiden Cup,Baku"]
[Site "Azerbaijan"]
[Date "2008.05.15"]
[Round "4.5"]
[White "Guliev, Logman"]
[Black "Lastin, Alexander"]
[Result "0-1"]
[WhiteElo "2434"]
[BlackElo "2622"]
[PlyCount "102"]
[EventDate "2008.05.15"]

1. e4 e5 2. Nf3 Nc6 3. Bb5 a6 4. Ba4 Nf6 5. O-O Bc5 6. d3 d6 7. h3 b5 8. Bb3
Na5 9. Be3 Bxe3 10. fxe3 O-O 11. Nc3 c6 12. Qe1 Ra7 13. Ne2 c5 14. Bd5 Nxd5 15.
exd5 f5 16. b4 cxb4 17. Qxb4 Qb6 18. Kh2 Rc7 19. Rac1 Nb7 20. d4 Rc4 21. Qe1
Qc7 22. c3 Ra4 23. Rc2 Na5 24. Nc1 Ra3 25. e4 Nc4 26. exf5 Bb7 27. Qe4 Nb6 28.
dxe5 Bxd5 29. Qb4 dxe5 30. Qxa3 e4+ 31. Ne5 Nc4 32. Qxa6 Nxe5 33. Kh1 Ra8 34.
Qxb5 Bc4 35. Qb4 Rb8 36. Qa4 Bxf1 37. Qxe4 Bd3 38. Qd5+ Kh8 39. Rd2 Bxf5 40.
Re2 Ng6 41. Rd2 Re8 42. Ne2 Be4 43. Qg5 h6 44. Qg4 Qf7 45. Ng3 Bc6 46. Kh2 Ne5
47. Qd4 Qc4 48. Rc2 Qd3 49. Qf2 Nc4 50. Qc5 Bd5 51. Rf2 Ne3 0-1

[Event "3-rd Presiden Cup,Baku"]
[Site "Azerbaijan"]
[Date "2008.05.15"]
[Round "4.13"]
[White "Mamedov, Rauf"]
[Black "Dovliatov, Sanan"]
[Result "1/2-1/2"]
[WhiteElo "2617"]
[BlackElo "2438"]
[PlyCount "84"]
[EventDate "2008.05.15"]

1. e4 e5 2. Nf3 Nc6 3. d4 exd4 4. Nxd4 Bc5 5. Nb3 Bb6 6. Nc3 Nge7 7. Bg5 f6 8.
Bf4 O-O 9. Qd2 d6 10. O-O-O Kh8 11. f3 a5 12. Na4 Ba7 13. Kb1 Ng6 14. Bg3 f5
15. h4 fxe4 16. fxe4 Nge5 17. Bb5 Be6 18. Qc3 Qe7 19. Rhf1 Rfd8 20. a3 Bg8 21.
h5 h6 22. Bf4 Kh7 23. Qg3 Bxb3 24. cxb3 Nd4 25. Nc3 c6 26. Be2 Rf8 27. Bg4 Kh8
28. Be3 Rxf1 29. Rxf1 Rf8 30. Rd1 Nxg4 31. Qxg4 Qe5 32. g3 Bc5 33. Bxd4 Bxd4
34. Ne2 Be3 35. Rd3 Bg5 36. Nc3 b5 37. Rf3 Bf6 38. Rf5 Qd4 39. Qf3 Re8 40. e5
Rxe5 41. Rxe5 Bxe5 42. Qxc6 b4 1/2-1/2

[Event "3-rd Presiden Cup,Baku"]
[Site "Azerbaijan"]
[Date "2008.05.15"]
[Round "4.14"]
[White "Manik, Mikulas"]
[Black "Aleksandrov, Aleksej"]
[Result "0-1"]
[WhiteElo "2439"]
[BlackElo "2582"]
[PlyCount "64"]
[EventDate "2008.05.15"]

1. e4 e5 2. Nf3 Nc6 3. Bb5 Nf6 4. d3 d6 5. O-O Bd7 6. c3 g6 7. Re1 Bg7 8. Nbd2
O-O 9. Nc4 Nh5 10. Be3 Qe8 11. Qd2 f5 12. Bh6 a6 13. Bxc6 Bxc6 14. Na5 Bd7 15.
exf5 gxf5 16. Bxg7 Kxg7 17. Qg5+ Kh8 18. Nh4 Rg8 19. Qh6 Rg4 20. g3 Qf7 21. Nc4
Rxh4 22. gxh4 Rg8+ 23. Kf1 f4 24. Nxd6 Qd5 25. Ke2 Qxd6 26. Qxd6 cxd6 27. Rg1
Ng7 28. Rg5 Nf5 29. Rag1 Rf8 30. h5 h6 31. Rg6 Be8 32. Rxh6+ Nxh6 0-1

[Event "3-rd Presiden Cup,Baku"]
[Site "Azerbaijan"]
[Date "2008.05.15"]
[Round "4.20"]
[White "Akhmedov, Fariz"]
[Black "Fedorov, Alexei"]
[Result "1/2-1/2"]
[WhiteElo "2235"]
[BlackElo "2603"]
[PlyCount "78"]
[EventDate "2008.05.15"]

1. d4 Nf6 2. c4 g6 3. Nc3 Bg7 4. e4 d6 5. Bd3 O-O 6. Nge2 Nc6 7. f3 Nd7 8. Be3
e5 9. d5 Nb4 10. Bb1 a5 11. a3 Na6 12. Na4 Bh6 13. Qd2 Bxe3 14. Qxe3 Ndc5 15.
Nxc5 Nxc5 16. Bc2 f5 17. exf5 Qh4+ 18. g3 Qh5 19. O-O-O gxf5 20. h4 a4 21. Qg5+
Qg6 22. Qxg6+ hxg6 23. h5 g5 24. h6 Kh8 25. f4 gxf4 26. gxf4 Rg8 27. Rh5 Rg2
28. Ng1 exf4 29. Nf3 Bd7 30. Nh4 Rg4 31. Nxf5 f3 32. Rf1 Rf8 33. Rxf3 Nb3+ 34.
Bxb3 axb3 35. Kd2 Rxc4 36. Ne3 Rxf3 37. Nxc4 Kh7 38. Rh4 Rf2+ 39. Kc3 Rf3+
1/2-1/2

[Event "3-rd Presiden Cup,Baku"]
[Site "Azerbaijan"]
[Date "2008.05.15"]
[Round "4.25"]
[White "Badalov, Samir"]
[Black "Sanikidze, Tornike"]
[Result "0-1"]
[WhiteElo "2247"]
[BlackElo "2458"]
[PlyCount "74"]
[EventDate "2008.05.15"]

1. d4 Nf6 2. c4 e6 3. Nf3 d5 4. e3 a6 5. a3 Be7 6. Nc3 O-O 7. Qc2 b6 8. cxd5
exd5 9. Bd3 Bd6 10. Ne5 Bb7 11. f4 c5 12. b3 Nc6 13. O-O Rc8 14. Nxd5 Nxd5 15.
Bxh7+ Kh8 16. Rf3 Qh4 17. Be4 Qe1+ 18. Rf1 Nxe3 19. Rxe1 Nxc2 20. Bxc2 Nxd4 21.
Bd3 Kg8 22. Bb2 Nxb3 23. Rab1 b5 24. Bf5 Rcd8 25. Re3 Nd4 26. Bxd4 cxd4 27. Rh3
g6 28. Nd7 Bxf4 29. Nxf8 gxf5 30. Nh7 Kg7 31. Rf1 Be3+ 32. Kh1 Be4 33. a4 bxa4
34. Ra1 Rb8 35. Nf8 Rb2 36. Rg3+ Kxf8 37. h4 f4 0-1

[Event "3-rd Presiden Cup,Baku"]
[Site "Azerbaijan"]
[Date "2008.05.15"]
[Round "4.29"]
[White "Bregadze, Levan"]
[Black "Gurbanzade, Erkin"]
[Result "1-0"]
[WhiteElo "2417"]
[BlackElo "2189"]
[PlyCount "103"]
[EventDate "2008.05.15"]

1. Nf3 Nf6 2. c4 g6 3. g3 Bg7 4. Bg2 d6 5. Nc3 O-O 6. O-O e5 7. d3 Nc6 8. Bg5
Be6 9. Ne4 Bf5 10. Nfd2 Qe7 11. Rb1 a5 12. a3 Qe6 13. Nxf6+ Bxf6 14. Bxf6 Qxf6
15. b4 axb4 16. axb4 Rfb8 17. b5 Nd8 18. Ra1 Qe6 19. Ne4 Kg7 20. Qb3 Qd7 21.
Ra3 Ne6 22. Qa2 Rxa3 23. Qxa3 Bxe4 24. Bxe4 Nc5 25. Bg2 Qe8 26. Ra1 h5 27. e3
Qd8 28. h4 Qf6 29. Qc3 g5 30. hxg5 Qxg5 31. d4 Ne6 32. dxe5 dxe5 33. Rd1 c6 34.
f4 Qf6 35. bxc6 bxc6 36. Bxc6 h4 37. Qxe5 Qxe5 38. fxe5 hxg3 39. Bd5 Rb2 40.
Rc1 Kf8 41. Rf1 Ng5 42. Rf5 Nh3+ 43. Kf1 g2+ 44. Bxg2 Rb1+ 45. Ke2 Rb2+ 46. Kf3
Rf2+ 47. Kg4 Rxg2+ 48. Kxh3 Re2 49. Rf3 Ke7 50. Kg4 Ke6 51. Rf6+ Kxe5 52. Rxf7
1-0

[Event "3-rd Presiden Cup,Baku"]
[Site "Azerbaijan"]
[Date "2008.05.15"]
[Round "4.30"]
[White "Gasanov, Ali"]
[Black "Wohl, Aleksandar H"]
[Result "1-0"]
[WhiteElo "2209"]
[BlackElo "2412"]
[PlyCount "75"]
[EventDate "2008.05.15"]

1. e4 Nf6 2. e5 Nd5 3. d4 d6 4. Nf3 g6 5. c4 Nb6 6. exd6 cxd6 7. Nc3 Bg7 8. Be2
O-O 9. O-O Bg4 10. Be3 Nc6 11. b3 d5 12. c5 Nc8 13. b4 Bxf3 14. Bxf3 e6 15. b5
Na5 16. Be2 Ne7 17. Qa4 Nf5 18. Rad1 b6 19. c6 Nxe3 20. fxe3 f5 21. Bd3 Rf7 22.
Ne2 Bf8 23. Rc1 Bd6 24. Qd1 Bc7 25. g3 Qd6 26. Nf4 Re8 27. Rc2 Rfe7 28. Qf3 Rd8
29. g4 Qa3 30. Rd1 Nc4 31. gxf5 gxf5 32. Kh1 Kh8 33. Rg2 Nb2 34. Rdg1 Nxd3 35.
Qg3 h6 36. Qg6 Nf2+ 37. Rxf2 Bxf4 38. Rxf4 1-0

[Event "3-rd Presiden Cup,Baku"]
[Site "Azerbaijan"]
[Date "2008.05.15"]
[Round "4.39"]
[White "Mammadov, Zaur"]
[Black "Batsiashvili, Nino"]
[Result "0-1"]
[WhiteElo "1997"]
[BlackElo "2304"]
[PlyCount "66"]
[EventDate "2008.05.15"]

1. e4 c5 2. c3 d5 3. exd5 Qxd5 4. Nf3 Nf6 5. d4 Bg4 6. Be2 e6 7. Na3 Nc6 8. O-O
cxd4 9. Nb5 Rc8 10. Nbxd4 Nxd4 11. Nxd4 Bxe2 12. Qxe2 Be7 13. Rd1 a6 14. Nf3
Qh5 15. Bg5 O-O 16. Bxf6 Bxf6 17. Rd7 b5 18. a4 Rfd8 19. Ra7 Rc6 20. axb5 Qxb5
21. Qxb5 axb5 22. Rb7 Rc5 23. g3 g5 24. Ra5 Rd1+ 25. Kg2 g4 26. Ng1 Re5 27.
Ra8+ Kg7 28. Raa7 Ree1 29. Rxf7+ Kg6 30. Nh3 gxh3+ 31. Kxh3 Rd2 32. Rxh7 Rxf2
33. Rhb7 Rxb2 0-1

[Event "3-rd Presiden Cup,Baku"]
[Site "Azerbaijan"]
[Date "2008.05.15"]
[Round "4.50"]
[White "Kuparadze, Giga"]
[Black "Ahmadov, Vusal"]
[Result "1-0"]
[WhiteElo "2377"]
[BlackElo "1993"]
[PlyCount "33"]
[EventDate "2008.05.15"]

1. e4 c5 2. Nf3 Nc6 3. d4 cxd4 4. Nxd4 Nf6 5. Nc3 e5 6. Ndb5 d6 7. Nd5 Nxd5 8.
exd5 Ne7 9. c4 a6 10. Qa4 axb5 11. Qxa8 Qd7 12. a4 b4 13. c5 Qc7 14. Bb5+ Kd8
15. cxd6 Qxd6 16. Be3 Nf5 17. Rc1 1-0